000 00588nam a22001937a 4500
008 131004b xxu||||| |||| 00| 0 ger d
020 _a3411031891
041 0 _ager
080 _a004.2
100 1 _aBode, Arndt
245 1 0 _aRisc-architekturen :
_cArndt Bode
260 _aMannheim ;
_aWien ;
_bBI - Wissenschaftsverlag
_c1988
300 _a341 f. :
_bme il. ;
_c21 cm.
500 _aVorwort : f. [13]-15
650 0 _aSoftuer kompjuteri
650 0 _aKompjutera
650 0 _aArkitektura e komjuterƫve
942 _2udc
_cBK
999 _c31
_d31